=LDR 00000nam 2200000 4500 =001 INLIS000000000016720 =005 20130612111956 =008 ***********************************Ind** =035 ##$$0010-061300000016720 =041 ##$$a Ind =082 ##$$a F Rom D =090 ##$$a F Rom D, Jan a =100 ##$$a Jannah, Izzatul =245 ##$$a Apa kabar cinta, Izzatul Jannah =260 ##$$a 2001 $b Surakarta =300 ##$$a 192 hlm, ilus, 21 cm =650 ##$$a Fiksi Dewasa-Islami =850 ##$$a NBPNMAT